Statistics for Non - U.S. Birth Countries of U.S. Congress Members

Click here to take the quiz!

General Stats

  • This quiz has been taken 43 times
  • The average score is 19 of 23

Answer Stats

# Country Member(s) % Correct
3MexicoSalud Ortiz Carbajal, Jesús G. "Chuy" García, Raul Ruiz
100%
1JapanDiana Louise DeGette
100%
2IndiaPramila Jayapal , Subramanian Raja Krishnamoorthi
97%
1CanadaSean Patrick Maloney
97%
1United KingdomDaniel Reed Crenshaw
95%
1FranceMark Randall Meadows
92%
3West GermanyAston Donald McEachin, David Cheston Rouzer, Susan Ellis Wild
92%
1SomaliaIlhan Abdullahi Omar
89%
1CubaAlbio B. Sires
86%
1IrelandSean Thomas Casten
84%
1PolandTomasz P. Malinowski
84%
1VietnamStephanie Murphy
78%
1GuatemalaNorma Judith Torres, née Barillas
78%
1Trieste (Italy)Donald Sternoff Beyer Jr.
76%
1TaiwanTed W. Lieu
68%
1PakistanChristopher J. Van Hollen Jr.
65%
1Dominican RepublicAdriano de Jesús Espaillat Cabral
62%
1EcuadorDebbie Jessika Mucarsel-Powell
59%
1PeruJames Andrew Himes
59%
1ThailandLadda Tammy Duckworth
51%

Score Distribution

Percentile by Number Answered

Percent of People with Each Score

Your Score History

You have not taken this quiz